000 00496nam a22001937a 4500
005 20150109102338.0
008 150109b xxu||||| |||| 00| 0 eng d
040 _aLoreto College
041 _aEnglish
082 _a914.7
_bMEL
100 _aMellor, R.E.H.
245 _aGeography of the U.S.S.R.
_cR.E.H. Mellor
260 _aNew York
_bMacmillan
_c1964
300 _axv, 403p.
_b22cm.
504 _aIncludes index.
650 _aSoviet Republic- Geology
850 _aLCLIB
942 _cBK
999 _c39765
_d90244